[Event "Campeonato del Mundo sub-20 2010"]
[Site "Chotowa POL"]
[Date "2010.08.06"]
[Round "4.45"]
[White "Straka, Josef Jr"]
[Black "Pecha, Tomas"]
[Result "1/2-1/2"]
[WhiteElo "2337"]
[BlackElo "2187"]
[PlyCount "44"]
[EventDate "2010.08.03"]
[EventType "swiss"]
[EventRounds "13"]
[EventCountry "POL"]
[Source "lmi"]
[SourceDate "2010.08.03"]

1. d4 Nf6 2. c4 e6 3. Nf3 b6 4. g3 Bb7 5. Bg2 Be7 6. O-O O-O 7. Nc3 Na6 8. b3
Bb4 9. Bb2 c6 10. Qc2 d5 11. Ne5 Rc8 12. Rad1 Qe7 13. Nd3 Bd6 14. e4 Nb4 15.
Qb1 Nxd3 16. Qxd3 Bb8 17. cxd5 cxd5 18. e5 Ne8 19. f4 g6 20. g4 f5 21. h3 Nc7
22. Rf2 a5 1/2-1/2

[Event "Campeonato del Mundo sub-20 2010"]
[Site "Chotowa POL"]
[Date "2010.08.06"]
[Round "4.46"]
[White "Schiendorfer, Emanuel"]
[Black "Swiech, Przemyslaw"]
[Result "1-0"]
[WhiteElo "2305"]
[BlackElo "2166"]
[PlyCount "63"]
[EventDate "2010.08.03"]
[EventType "swiss"]
[EventRounds "13"]
[EventCountry "POL"]
[Source "lmi"]
[SourceDate "2010.08.03"]

1. d4 Nf6 2. c4 c5 3. d5 e6 4. Nc3 exd5 5. cxd5 d6 6. Nf3 g6 7. Bf4 a6 8. a4
Bg7 9. h3 O-O 10. e3 Qe7 11. Be2 Nbd7 12. O-O Rb8 13. a5 b5 14. axb6 Rxb6 15.
Nd2 Ne8 16. Nc4 Rb4 17. Na5 Bb7 18. Nc6 Bxc6 19. dxc6 Nb6 20. Rxa6 Rxb2 21.
Rxb6 Bxc3 22. Rxb2 Bxb2 23. Qd5 Kg7 24. Rd1 h6 25. Bc4 Bf6 26. Kf1 Qa7 27. Rb1
Be7 28. Rb7 Qa1+ 29. Ke2 Nf6 30. Qd1 Qc3 31. Qd3 Qc1 32. Rb1 1-0

[Event "Campeonato del Mundo sub-20 2010"]
[Site "Chotowa POL"]
[Date "2010.08.06"]
[Round "4.47"]
[White "Arun, Karthik Ravichandra"]
[Black "Lewicki, Miroslaw"]
[Result "1-0"]
[WhiteElo "2289"]
[BlackElo "2149"]
[PlyCount "48"]
[EventDate "2010.08.03"]
[EventType "swiss"]
[EventRounds "13"]
[EventCountry "POL"]
[Source "lmi"]
[SourceDate "2010.08.03"]

1. e4 c5 2. Nf3 d6 3. d4 cxd4 4. Nxd4 Nf6 5. Nc3 a6 6. Be3 e5 7. Nb3 Be7 8. Qd2
O-O 9. O-O-O a5 10. a4 Be6 11. f3 Nbd7 12. g4 Nb6 13. Qf2 Nfd7 14. Kb1 Rc8 15.
Bb5 Nc4 16. Nd5 Bxd5 17. Rxd5 Qc7 18. Bxc4 Qxc4 19. Nxa5 Qxa4 20. b3 Qa3 21.
Qe1 b6 22. Bc1 Qxa5 23. Rxa5 bxa5 24. Qxa5 Nc5 1-0

[Event "Campeonato del Mundo sub-20 2010"]
[Site "Chotowa POL"]
[Date "2010.08.06"]
[Round "4.48"]
[White "Sagar, Shah Dharmendra"]
[Black "Herman, Jean"]
[Result "1-0"]
[WhiteElo "2285"]
[BlackElo "2094"]
[PlyCount "87"]
[EventDate "2010.08.03"]
[EventType "swiss"]
[EventRounds "13"]
[EventCountry "POL"]
[Source "lmi"]
[SourceDate "2010.08.03"]

1. d4 d5 2. c4 c6 3. Nf3 Nf6 4. e3 Bf5 5. Nc3 e6 6. Nh4 Bg6 7. Qb3 Qb6 8. Nxg6
hxg6 9. Bd2 Nbd7 10. Be2 Be7 11. O-O-O g5 12. f3 dxc4 13. Bxc4 Qxb3 14. Bxb3 e5
15. dxe5 Nxe5 16. Be1 Bc5 17. Bg3 Ng6 18. Rhe1 O-O 19. e4 Rfe8 20. e5 Nh5 21.
Rd7 Re7 22. Rxe7 Bxe7 23. e6 f6 24. Rd1 Nxg3 25. hxg3 Kf8 26. Rd7 Rb8 27. Rd1
Rd8 28. Rh1 Ke8 29. Rh7 Bf8 30. Ne2 Ne7 31. f4 gxf4 32. gxf4 Nd5 33. f5 Ke7 34.
g4 Kd6 35. Bxd5 cxd5 36. Nf4 b6 37. Ng6 a6 38. Kd2 b5 39. Kd3 a5 40. Kd4 Rc8
41. Rh8 Rc4+ 42. Kd3 Be7 43. Re8 Rc7 44. b3 1-0

[Event "Campeonato del Mundo sub-20 2010"]
[Site "Chotowa POL"]
[Date "2010.08.06"]
[Round "4.49"]
[White "Guo-yuthok, Sherab"]
[Black "Larmuseau, Maarten"]
[Result "1-0"]
[WhiteElo "1975"]
[BlackElo "2277"]
[PlyCount "43"]
[EventDate "2010.08.03"]
[EventType "swiss"]
[EventRounds "13"]
[EventCountry "POL"]
[Source "lmi"]
[SourceDate "2010.08.03"]

1. f4 g6 2. e4 Bg7 3. Nc3 d6 4. Nf3 Nf6 5. Bc4 c6 6. a4 O-O 7. O-O Nxe4 8.
Bxf7+ Rxf7 9. Nxe4 Rxf4 10. Qe1 Rf8 11. d4 Bg4 12. Ra3 Qd7 13. Qh4 Na6 14. Bh6
Bh5 15. Bxg7 Kxg7 16. Ng3 Bxf3 17. Raxf3 Nb4 18. c3 e5 19. Nh5+ Kg8 20. Nf6+
Rxf6 21. Rxf6 Qe7 22. Rxg6+ 1-0

[Event "Campeonato del Mundo sub-20 2010"]
[Site "Chotowa POL"]
[Date "2010.08.06"]
[Round "4.51"]
[White "Narmontas, Matas"]
[Black "Sreeves, Clement"]
[Result "1-0"]
[WhiteElo "2379"]
[BlackElo "2085"]
[PlyCount "111"]
[EventDate "2010.08.03"]
[EventType "swiss"]
[EventRounds "13"]
[EventCountry "POL"]
[Source "lmi"]
[SourceDate "2010.08.03"]

1. e4 c5 2. Nf3 d6 3. d4 cxd4 4. Nxd4 Nf6 5. Nc3 a6 6. Bg5 Nbd7 7. f4 Qc7 8.
Qf3 h6 9. Bh4 g5 10. fxg5 hxg5 11. Bxg5 Qc5 12. Qe3 Nh7 13. Nd5 Nb6 14. Nxb6
Qxb6 15. Nb3 Qc7 16. Bf4 Qxc2 17. Rc1 Qxb2 18. e5 Bg7 19. exd6 O-O 20. dxe7 Re8
21. Bc4 Be6 22. O-O Rxe7 23. Bd6 Bd5 24. Qg3 Re3 25. Qf2 Rxb3 26. Qxb2 Rxb2 27.
Bxd5 Nf6 28. Bf3 Rxa2 29. Bxb7 Re8 30. Rfe1 Rxe1+ 31. Rxe1 a5 32. h3 a4 33. Re3
Kh7 34. Ra3 Rd2 35. Bf4 Rd1+ 36. Kh2 Nd5 37. Bxd5 Rxd5 38. Rxa4 Be5 39. Kg3 Rd4
40. Rxd4 Bxd4 41. Kf3 f5 42. Bd6 Kg6 43. Kf4 Bc3 44. h4 Be1 45. Be7 Bc3 46. Bf8
Be1 47. h5+ Kxh5 48. Kxf5 Bg3 49. Bg7 Be1 50. g4+ Kh4 51. g5 Bd2 52. g6 Kh5 53.
Kf6 Kg4 54. Kf7 Kf5 55. Bf6 Bh6 56. Be7 1-0

[Event "Campeonato del Mundo sub-20 2010"]
[Site "Chotowa POL"]
[Date "2010.08.06"]
[Round "4.52"]
[White "Gora, Jan"]
[Black "Akkozov, Berik"]
[Result "1-0"]
[WhiteElo "1848"]
[BlackElo "2328"]
[PlyCount "70"]
[EventDate "2010.08.03"]
[EventType "swiss"]
[EventRounds "13"]
[EventCountry "POL"]
[Source "lmi"]
[SourceDate "2010.08.03"]

1. e4 c5 2. Nf3 d6 3. d4 cxd4 4. Nxd4 Nf6 5. Nc3 a6 6. f4 e5 7. Nf3 Nbd7 8. Bc4
Be7 9. O-O O-O 10. Kh1 b5 11. Bd5 Rb8 12. a3 Qc7 13. f5 Nb6 14. Qd3 Nbxd5 15.
Nxd5 Nxd5 16. exd5 Qc4 17. Qxc4 bxc4 18. Nd2 Bb7 19. Nxc4 Bxd5 20. Ne3 Be4 21.
Rd1 g6 22. f6 Bxf6 23. Rxd6 Be7 24. Rxa6 Rfd8 25. h3 Bg5 26. b4 Rbc8 27. c4 Rd3
28. Nd5 Bd8 29. Rd6 Bh4 30. Nb6 Rxd6 31. Nxc8 Rc6 32. Na7 Rxc4 33. Be3 Rc2 34.
Rg1 Rc3 35. Bc5 Rxh3# 1-0

[Event "Campeonato del Mundo sub-20 2010"]
[Site "Chotowa POL"]
[Date "2010.08.06"]
[Round "4.54"]
[White "Casanova, Fernando Ricardo So"]
[Black "Barski, Radoslaw"]
[Result "1-0"]
[WhiteElo "2074"]
[BlackElo "2290"]
[PlyCount "73"]
[EventDate "2010.08.03"]
[EventType "swiss"]
[EventRounds "13"]
[EventCountry "POL"]
[Source "lmi"]
[SourceDate "2010.08.03"]

1. c4 c5 2. Nc3 Nc6 3. g3 g6 4. Bg2 Bg7 5. d3 d6 6. e3 e5 7. Nge2 Nge7 8. O-O
O-O 9. a3 a5 10. f4 Be6 11. Nd5 Rb8 12. Nec3 f5 13. Rb1 Kh8 14. Bd2 Bg8 15. Qa4
Nxd5 16. Nxd5 g5 17. Kh1 Be6 18. b4 axb4 19. axb4 Ra8 20. Qc2 gxf4 21. gxf4
Bxd5 22. Bxd5 exf4 23. bxc5 dxc5 24. Rxb7 Nb4 25. Bxb4 cxb4 26. exf4 Rb8 27.
Rxg7 Kxg7 28. Rg1+ Kh8 29. Qb2+ Qf6 30. Rg8+ Rxg8 31. Qxf6+ Rg7 32. Qd6 Re8 33.
Qxb4 h6 34. Qc3 Rb8 35. Qa1 Kh7 36. c5 Re8 37. c6 1-0

[Event "Campeonato del Mundo sub-20 2010"]
[Site "Chotowa POL"]
[Date "2010.08.06"]
[Round "4.56"]
[White "Green, Andrew D"]
[Black "Jasiak, Filip"]
[Result "1-0"]
[WhiteElo "2172"]
[BlackElo "1757"]
[PlyCount "103"]
[EventDate "2010.08.03"]
[EventType "swiss"]
[EventRounds "13"]
[EventCountry "POL"]
[Source "lmi"]
[SourceDate "2010.08.03"]

1. e4 c5 2. Nf3 e6 3. d3 Nc6 4. g3 d5 5. Qe2 Nge7 6. Bg2 g6 7. O-O Bg7 8. c3
O-O 9. e5 Qc7 10. Re1 b6 11. h4 h6 12. Bf4 Kh7 13. Nbd2 Bb7 14. Nf1 Rad8 15.
N1h2 Ng8 16. Ng4 Qe7 17. Kh2 a6 18. Rh1 h5 19. Bg5 f6 20. exf6 Nxf6 21. Nge5
Nxe5 22. Nxe5 Bh6 23. Rae1 Rde8 24. f4 Qc7 25. Rhf1 Nd7 26. Bh3 Bc8 27. Bxh6
Kxh6 28. Qd2 Kh7 29. Nf3 Nf6 30. Ng5+ Kh8 31. Bxe6 Kg7 32. Re2 Ng4+ 33. Kg1 Re7
34. Bxd5 Rfe8 35. Rfe1 Nf6 36. Bf3 Qd6 37. Rxe7+ Rxe7 38. Rxe7+ Qxe7 39. Qe2
Qxe2 40. Bxe2 Bf5 41. Kf2 b5 42. Ke3 Nd5+ 43. Kd2 b4 44. Bf3 bxc3+ 45. bxc3 Nc7
46. Ne4 Ne6 47. Ke3 Kf8 48. Bd1 Ke7 49. Bb3 Bxe4 50. dxe4 Nc7 51. Bc4 a5 52. e5
1-0

[Event "Campeonato del Mundo sub-20 2010"]
[Site "Chotowa POL"]
[Date "2010.08.06"]
[Round "4.57"]
[White "Pierard, Florian"]
[Black "Kaleta, Blazej"]
[Result "0-1"]
[WhiteElo "2081"]
[BlackElo "1944"]
[PlyCount "104"]
[EventDate "2010.08.03"]
[EventType "swiss"]
[EventRounds "13"]
[EventCountry "POL"]
[Source "lmi"]
[SourceDate "2010.08.03"]

1. e4 c5 2. Nc3 a6 3. g3 b5 4. Bg2 Bb7 5. d3 e6 6. Nf3 d6 7. O-O Nd7 8. Be3
Ngf6 9. h3 Be7 10. Nd2 Qc7 11. f4 Nb6 12. Ne2 Nfd7 13. f5 exf5 14. Rxf5 Bf6 15.
c3 O-O 16. Qf1 Qd8 17. g4 g6 18. Rf3 Bg7 19. d4 Qe7 20. Ng3 Rac8 21. Rc1 Rc7
22. Rf2 Re8 23. Bf3 Nf8 24. Ne2 Ne6 25. d5 Nf8 26. Bf4 Nfd7 27. Ng3 Ne5 28. Be2
c4 29. Be3 Na4 30. Rc2 Nc5 31. Bd4 Ncd7 32. Nf3 Nxf3+ 33. Bxf3 Ne5 34. Bg2 Qh4
35. Nh1 h5 36. gxh5 Qxh5 37. Qe2 Qh4 38. Rf1 Rce7 39. Qf2 Qxf2+ 40. Nxf2 Bc8
41. Ra1 Bd7 42. b3 Rc8 43. Rb2 b4 44. Rc2 cxb3 45. axb3 Nf3+ 46. Bxf3 Bxd4 47.
Rxa6 Rxc3 48. Rxc3 bxc3 49. Bd1 Rxe4 50. Kg2 Re1 51. Rxd6 Rxd1 52. Nxd1 c2 0-1

[Event "Campeonato del Mundo sub-20 2010"]
[Site "Chotowa POL"]
[Date "2010.08.06"]
[Round "4.58"]
[White "Parol, Pawel"]
[Black "Drnovsek, Nejc"]
[Result "1-0"]
[WhiteElo "1764"]
[BlackElo "2173"]
[PlyCount "83"]
[EventDate "2010.08.03"]
[EventType "swiss"]
[EventRounds "13"]
[EventCountry "POL"]
[Source "lmi"]
[SourceDate "2010.08.03"]

1. e4 e5 2. Nf3 Nc6 3. Bb5 Nge7 4. O-O Ng6 5. d4 exd4 6. Nxd4 Bc5 7. Be3 Nxd4
8. Bxd4 Bxd4 9. Qxd4 Qg5 10. Qd5 Qf6 11. Qb3 O-O 12. Nc3 c6 13. Be2 Nf4 14. Bf3
Ne6 15. Ne2 Re8 16. Qc3 Qg6 17. h4 f5 18. Ng3 Qf7 19. exf5 Nc7 20. Bh5 g6 21.
fxg6 hxg6 22. Bf3 d5 23. h5 g5 24. Qb4 a5 25. Qd4 Qg7 26. Qxg7+ Kxg7 27. Rfe1
Bd7 28. Be2 Re5 29. Bd3 Rae8 30. Kf1 Kh6 31. Bg6 Rxe1+ 32. Rxe1 Rxe1+ 33. Kxe1
c5 34. f3 b5 35. Kd2 d4 36. Ne4 c4 37. Nd6 Be6 38. g3 Kg7 39. b3 a4 40. bxa4
bxa4 41. a3 Nd5 42. Nb5 1-0

[Event "Campeonato del Mundo sub-20 2010"]
[Site "Chotowa POL"]
[Date "2010.08.06"]
[Round "4.59"]
[White "Larmuseau, Michiel"]
[Black "Bryan-vissi, Mark"]
[Result "1-0"]
[WhiteElo "2068"]
[BlackElo "1847"]
[PlyCount "61"]
[EventDate "2010.08.03"]
[EventType "swiss"]
[EventRounds "13"]
[EventCountry "POL"]
[Source "lmi"]
[SourceDate "2010.08.03"]

1. e4 c6 2. Nc3 d5 3. Nf3 dxe4 4. Nxe4 Bf5 5. Ng3 Bg6 6. h4 h6 7. Ne5 Qd6 8.
Nxg6 Qxg6 9. d4 Qd6 10. c3 Nf6 11. Bc4 e6 12. Qf3 Be7 13. Bf4 Qd8 14. O-O-O
Nbd7 15. Nh5 Nxh5 16. Qxh5 Nf6 17. Qe5 O-O 18. Rdg1 b5 19. Bd3 Qd5 20. g4 Qxe5
21. Bxe5 Nd7 22. Bf4 g5 23. Bd2 e5 24. Bf5 Rad8 25. hxg5 Bxg5 26. Bxg5 hxg5 27.
Rh5 f6 28. Rgh1 Kf7 29. Rh7+ Ke8 30. Bg6+ Rf7 31. Rxf7 1-0

[Event "Campeonato del Mundo sub-20 2010"]
[Site "Chotowa POL"]
[Date "2010.08.07"]
[Round "5.4"]
[White "Bindrich, Falko"]
[Black "Delorme, Axel"]
[Result "1/2-1/2"]
[WhiteElo "2522"]
[BlackElo "2455"]
[PlyCount "39"]
[EventDate "2010.08.03"]
[EventType "swiss"]
[EventRounds "13"]
[EventCountry "POL"]
[Source "lmi"]
[SourceDate "2010.08.03"]

1. Nf3 d5 2. d4 Nf6 3. c4 e6 4. Nc3 dxc4 5. e3 b6 6. a4 a6 7. Bxc4 Bb7 8. O-O
Bb4 9. Qe2 O-O 10. Bd3 c5 11. dxc5 Bxc5 12. e4 Nbd7 13. Bg5 Qb8 14. Rad1 Bd6
15. Bb1 Bf4 16. Bh4 Qc7 17. g3 Bh6 18. Rd4 Ne5 19. Rfd1 Rad8 20. Nxe5 1/2-1/2

[Event "Campeonato del Mundo sub-20 2010"]
[Site "Chotowa POL"]
[Date "2010.08.07"]
[Round "5.5"]
[White "Baryshpolets, Andrey"]
[Black "Hammer, Jon Ludvig"]
[Result "1/2-1/2"]
[WhiteElo "2450"]
[BlackElo "2636"]
[PlyCount "105"]
[EventDate "2010.08.03"]
[EventType "swiss"]
[EventRounds "13"]
[EventCountry "POL"]
[Source "lmi"]
[SourceDate "2010.08.03"]

1. d4 Nf6 2. c4 e6 3. Nf3 d5 4. Nc3 Bb4 5. Bg5 Nbd7 6. e3 c5 7. cxd5 exd5 8.
Bb5 Qa5 9. O-O Bxc3 10. Bxd7+ Bxd7 11. Bxf6 Bxb2 12. Rb1 Ba3 13. Bxg7 Rg8 14.
Bf6 Qa6 15. Bh4 Bf5 16. Ne5 Be4 17. f3 Bxb1 18. Qxb1 Rg6 19. Nxg6 hxg6 20. dxc5
Bxc5 21. Kh1 Kf8 22. e4 dxe4 23. fxe4 Re8 24. Qc1 Bd4 25. Qf4 Bc5 26. Qc1 Bd4
27. Qf4 Qe6 28. a4 b6 29. Qc7 a5 30. h3 Be5 31. Qc2 Rc8 32. Qf2 Rc4 33. Bd8 Rb4
34. Qc2 Kg8 35. Rd1 Qb3 36. Qxb3 Rxb3 37. Kg1 Kf8 38. Kf2 f6 39. Rd5 Ke8 40.
Ke2 b5 41. axb5 a4 42. b6 a3 43. Bc7 Rb2+ 44. Kd3 a2 45. Rd8+ Ke7 46. Ra8 Ke6
47. Bxe5 Kxe5 48. b7 Rxb7 49. Rxa2 Rb3+ 50. Ke2 Kxe4 51. Ra4+ Ke5 52. Ra5+ Kf4
53. Ra4+ 1/2-1/2

[Event "Campeonato del Mundo sub-20 2010"]
[Site "Chotowa POL"]
[Date "2010.08.07"]
[Round "5.7"]
[White "Sieciechowicz, Marcin"]
[Black "Matlakov, Maxim"]
[Result "1/2-1/2"]
[WhiteElo "2445"]
[BlackElo "2603"]
[PlyCount "51"]
[EventDate "2010.08.03"]
[EventType "swiss"]
[EventRounds "13"]
[EventCountry "POL"]
[Source "lmi"]
[SourceDate "2010.08.03"]

1. d4 Nf6 2. c4 g6 3. Nc3 d5 4. cxd5 Nxd5 5. Bd2 Bg7 6. e4 Nb6 7. Be3 O-O 8.
Be2 Nc6 9. Nf3 Bg4 10. d5 Bxf3 11. gxf3 Na5 12. Bd4 Qd6 13. Bxg7 Kxg7 14. Rc1
Qf6 15. Na4 Nxa4 16. Qxa4 Qxb2 17. Rxc7 Rfc8 18. Qxa5 b6 19. Rxc8 bxa5 20. Rxa8
Qb1+ 21. Bd1 Qb4+ 22. Kf1 Qb7 23. Rd8 Qb6 24. Ra8 Qb7 25. Rd8 Qb6 26. Ra8
1/2-1/2

[Event "Campeonato del Mundo sub-20 2010"]
[Site "Chotowa POL"]
[Date "2010.08.07"]
[Round "5.9"]
[White "Firat, Burak"]
[Black "Hovhannisyan, Robert"]
[Result "1/2-1/2"]
[WhiteElo "2420"]
[BlackElo "2529"]
[PlyCount "65"]
[EventDate "2010.08.03"]
[EventType "swiss"]
[EventRounds "13"]
[EventCountry "POL"]
[Source "lmi"]
[SourceDate "2010.08.03"]

1. e4 c5 2. Nf3 Nc6 3. d4 cxd4 4. Nxd4 g6 5. Nc3 Bg7 6. Be3 Nf6 7. Bc4 O-O 8.
Bb3 a5 9. Ndb5 a4 10. Bc4 e6 11. Bc5 d5 12. exd5 exd5 13. Be2 Re8 14. O-O b6
15. Be3 Bf5 16. a3 d4 17. Nxd4 Nxd4 18. Qxd4 Qxd4 19. Bxd4 Bxc2 20. Rac1 Bb3
21. Bf3 Rac8 22. Rfe1 Rxe1+ 23. Rxe1 Nd7 24. Bxg7 Kxg7 25. Bd1 Nc5 26. Bxb3
axb3 27. Rd1 Nb7 28. Rd4 Na5 29. Rb4 Nc4 30. Rxb3 Nxb2 31. Rxb2 Rxc3 32. g3
Rxa3 33. Rxb6 1/2-1/2

[Event "Campeonato del Mundo sub-20 2010"]
[Site "Chotowa POL"]
[Date "2010.08.07"]
[Round "5.10"]
[White "Ponizil, Cyril"]
[Black "Lalith, Babu Musunuri Rohit"]
[Result "0-1"]
[WhiteElo "2406"]
[BlackElo "2502"]
[PlyCount "84"]
[EventDate "2010.08.03"]
[EventType "swiss"]
[EventRounds "13"]
[EventCountry "POL"]
[Source "lmi"]
[SourceDate "2010.08.03"]

1. e4 c6 2. d4 d5 3. exd5 cxd5 4. c4 Nf6 5. Nc3 e6 6. Nf3 Bb4 7. Bd2 dxc4 8.
Bxc4 Nc6 9. O-O O-O 10. Bg5 b6 11. Qa4 Bxc3 12. bxc3 Bb7 13. Bd3 Nb8 14. Ne5
Nbd7 15. Qc2 Nxe5 16. dxe5 Qd5 17. f4 Ng4 18. Bxh7+ Kh8 19. Qe2 Qxg2+ 20. Qxg2
Bxg2 21. Kxg2 Kxh7 22. Rf3 f6 23. exf6 gxf6 24. Rg3 fxg5 25. Rxg4 gxf4 26. Kf3
e5 27. Rag1 Rf6 28. Ke4 Re8 29. Rg7+ Kh8 30. Rxa7 Rh6 31. Rg2 Rh3 32. Rg6 Rxh2
33. Rxb6 Re2+ 34. Kf3 Rh2 35. Ke4 Re2+ 36. Kf3 Re3+ 37. Kf2 Re2+ 38. Kf3 Re3+
39. Kf2 Rh3 40. Rf7 e4 41. Rxf4 e3+ 42. Ke1 e2 0-1

[Event "Campeonato del Mundo sub-20 2010"]
[Site "Chotowa POL"]
[Date "2010.08.07"]
[Round "5.11"]
[White "Dimitrov, Radoslav"]
[Black "Recuero Guerra, David"]
[Result "1/2-1/2"]
[WhiteElo "2380"]
[BlackElo "2470"]
[PlyCount "86"]
[EventDate "2010.08.03"]
[EventType "swiss"]
[EventRounds "13"]
[EventCountry "POL"]
[Source "lmi"]
[SourceDate "2010.08.03"]

1. c4 e5 2. Nc3 Nf6 3. Nf3 Nc6 4. d4 e4 5. Ne5 h6 6. Nxc6 dxc6 7. Bf4 Bd6 8.
Bxd6 cxd6 9. e3 Qa5 10. Qc2 Qf5 11. f3 exf3 12. Qxf5 Bxf5 13. gxf3 g5 14. Kf2
O-O-O 15. b4 h5 16. c5 d5 17. b5 Rde8 18. a4 g4 19. Be2 gxf3 20. Bxf3 Ng4+ 21.
Bxg4 hxg4 22. Rag1 Be4 23. Nxe4 Rxe4 24. Rg3 f5 25. Kg2 Kd7 26. h3 Ke7 27. hxg4
Rxh1 28. Kxh1 fxg4 29. Kg2 Kf6 30. Kf2 Kg5 31. Rg1 Re7 32. Rb1 Rf7+ 33. Kg2 Re7
34. Rb3 Kh4 35. a5 cxb5 36. Rxb5 a6 37. Rb6 Rxe3 38. Rxb7 Re2+ 39. Kf1 Rc2 40.
Ra7 g3 41. Rxa6 g2+ 42. Kg1 Kg3 43. Rg6+ Kh3 1/2-1/2

[Event "Campeonato del Mundo sub-20 2010"]
[Site "Chotowa POL"]
[Date "2010.08.07"]
[Round "5.13"]
[White "Sjugirov, Sanan"]
[Black "Kasyan, Aleksandr"]
[Result "1-0"]
[WhiteElo "2610"]
[BlackElo "2326"]
[PlyCount "84"]
[EventDate "2010.08.03"]
[EventType "swiss"]
[EventRounds "13"]
[EventCountry "POL"]
[Source "lmi"]
[SourceDate "2010.08.03"]

1. e4 e6 2. d4 d5 3. Nd2 Nf6 4. e5 Nfd7 5. f4 c5 6. Ngf3 Nc6 7. Nb3 Qb6 8. c3
Be7 9. Be2 f6 10. exf6 Nxf6 11. dxc5 Bxc5 12. Nxc5 Qxc5 13. Bd3 O-O 14. Qe2 d4
15. O-O Nd5 16. Ng5 dxc3+ 17. Kh1 h6 18. Ne4 cxb2 19. Bxb2 Qe3 20. Qxe3 Nxe3
21. Rfe1 Nd5 22. g3 Ncb4 23. Bb1 Bd7 24. Nc5 Bc6 25. Kg1 Nc7 26. a3 Nbd5 27.
Bg6 Be8 28. Be4 Bf7 29. Be5 b6 30. Nb7 Ne8 31. Rac1 Nef6 32. Bg2 Rac8 33. Nd6
Ra8 34. Nb7 Rac8 35. Nd6 Rc5 36. Bh3 Ne8 37. Nxf7 Kxf7 38. Rcd1 Rc6 39. f5 Ndc7
40. fxe6+ Nxe6 41. Bg2 Rc8 42. Bd5 Rg8 1-0

[Event "Campeonato del Mundo sub-20 2010"]
[Site "Chotowa POL"]
[Date "2010.08.07"]
[Round "5.15"]
[White "Nyzhnyk, Illya"]
[Black "Hamitevici, Vladimir"]
[Result "1/2-1/2"]
[WhiteElo "2543"]
[BlackElo "2411"]
[PlyCount "85"]
[EventDate "2010.08.03"]
[EventType "swiss"]
[EventRounds "13"]
[EventCountry "POL"]
[Source "lmi"]
[SourceDate "2010.08.03"]

1. e4 c5 2. Nf3 d6 3. d4 cxd4 4. Nxd4 Nf6 5. f3 e5 6. Nb3 Be7 7. c4 a5 8. a4
Nc6 9. Be3 O-O 10. Nc3 Nd7 11. Nd5 b6 12. Be2 Nc5 13. O-O Be6 14. Nc1 Bg5 15.
Bf2 Bxc1 16. Rxc1 Bxd5 17. cxd5 Nb4 18. Bb5 f5 19. Qe2 fxe4 20. fxe4 Qg5 21.
Be3 Qh4 22. Bxc5 bxc5 23. Bd7 g6 24. g3 Qg5 25. Kg2 Kg7 26. Be6 Qe7 27. h4 Rxf1
28. Rxf1 Rf8 29. b3 Rxf1 30. Kxf1 Qd8 31. Kg2 Qf8 32. h5 Qe7 33. hxg6 hxg6 34.
Qb5 Qd8 35. Qe2 Qg5 36. Qf2 Qf6 37. Qd2 Qd8 38. Qe2 Qg5 39. Qf2 Qf6 40. Qd2 Qd8
41. Kh3 Qh8+ 42. Kg2 Qd8 43. Qe2 1/2-1/2

[Event "Campeonato del Mundo sub-20 2010"]
[Site "Chotowa POL"]
[Date "2010.08.07"]
[Round "5.16"]
[White "Ter-Sahakyan, Samvel"]
[Black "Kanarek, Marcel"]
[Result "1/2-1/2"]
[WhiteElo "2525"]
[BlackElo "2387"]
[PlyCount "116"]
[EventDate "2010.08.03"]
[EventType "swiss"]
[EventRounds "13"]
[EventCountry "POL"]
[Source "lmi"]
[SourceDate "2010.08.03"]

1. e4 e5 2. Nf3 Nc6 3. Bb5 Nf6 4. O-O Nxe4 5. d4 Nd6 6. Bxc6 dxc6 7. dxe5 Nf5
8. Qxd8+ Kxd8 9. Nc3 Ke8 10. h3 Be6 11. b3 Bb4 12. Bb2 Bxc3 13. Bxc3 c5 14. Ng5
Nd4 15. Bxd4 cxd4 16. Rfd1 Rd8 17. b4 b6 18. Nxe6 fxe6 19. Rd3 Rf8 20. Ra3 Rd5
21. Rxa7 Kd7 22. Rd1 Rf5 23. Ra8 Rfxe5 24. Kf1 Kc6 25. a4 Rd7 26. Re8 h5 27.
Re1 Rxe1+ 28. Kxe1 Kd5 29. Kd2 e5 30. Kd3 c5 31. c4+ dxc3 32. Kxc3 Rf7 33. Rd8+
Kc6 34. b5+ Kc7 35. Rg8 Rxf2 36. Rxg7+ Kd6 37. Rg6+ Kc7 38. Rg7+ Kd6 39. Rb7
Rxg2 40. Rxb6+ Kd5 41. a5 Rg3+ 42. Kd2 Rg2+ 43. Ke3 Rg3+ 44. Kf2 Ra3 45. a6 c4
46. Rb7 Kc5 47. a7 c3 48. Ke3 c2+ 49. Kd2 Ra2 50. b6 e4 51. Rb8 e3+ 52. Kc1 e2
53. Re8 Kxb6 54. Rxe2 Rxa7 55. Kxc2 Ra3 56. Re6+ Kc7 57. h4 Ra4 58. Kd3 Rxh4
1/2-1/2

[Event "Campeonato del Mundo sub-20 2010"]
[Site "Chotowa POL"]
[Date "2010.08.07"]
[Round "5.17"]
[White "Debashis, Das"]
[Black "Martinovic, Sasa"]
[Result "1/2-1/2"]
[WhiteElo "2411"]
[BlackElo "2505"]
[PlyCount "144"]
[EventDate "2010.08.03"]
[EventType "swiss"]
[EventRounds "13"]
[EventCountry "POL"]
[Source "lmi"]
[SourceDate "2010.08.03"]

1. e4 e6 2. d4 d5 3. Nd2 c5 4. exd5 Qxd5 5. Ngf3 cxd4 6. Bc4 Qd6 7. O-O Nf6 8.
Nb3 Nc6 9. Nbxd4 Nxd4 10. Nxd4 Bd7 11. Re1 Qc7 12. Qe2 a6 13. Bg5 O-O-O 14. Nf3
Bd6 15. Bd3 h6 16. Bxf6 gxf6 17. c4 Kb8 18. a3 Rhg8 19. b4 Bc6 20. Be4 Rg4 21.
Bxc6 Qxc6 22. c5 Bc7 23. Rad1 Rdg8 24. g3 h5 25. Nd4 Qa4 26. Qc2 Qxc2 27. Nxc2
h4 28. Ne3 R4g7 29. Ng2 hxg3 30. hxg3 f5 31. Kf1 Rh8 32. Ke2 Rh2 33. Rg1 Kc8
34. Rd4 f4 35. a4 fxg3 36. f4 e5 37. fxe5 Bxe5 38. Rd5 f6 39. b5 Rd7 40. Rxd7
Kxd7 41. Kf3 Rh8 42. Rd1+ Ke6 43. Rc1 Rc8 44. Ne1 Kd5 45. Nd3 a5 46. Rc2 Bb8
47. Ke3 Re8+ 48. Kf3 Rc8 49. Ke3 f5 50. Rc1 Re8+ 51. Kf3 Kd4 52. Ne1 Re3+ 53.
Kg2 Re2+ 54. Kf1 Rf2+ 55. Kg1 Bf4 56. Rd1+ Kxc5 57. Nd3+ Kc4 58. Nxf2 Be3 59.
Kg2 gxf2 60. b6 Kc5 61. Rb1 Kc6 62. Rb5 Bxb6 63. Kf1 f4 64. Ke2 Kc7 65. Kf1 Kc6
66. Ke2 Kc7 67. Kf1 f3 68. Rc5+ Kd7 69. Rd5+ Kc6 70. Rb5 Kc7 71. Rf5 Kc6 72.
Rb5 Kc7 1/2-1/2

[Event "Campeonato del Mundo sub-20 2010"]
[Site "Chotowa POL"]
[Date "2010.08.07"]
[Round "5.18"]
[White "Blomqvist, Erik"]
[Black "Piorun, Kacper"]
[Result "1-0"]
[WhiteElo "2407"]
[BlackElo "2499"]
[PlyCount "47"]
[EventDate "2010.08.03"]
[EventType "swiss"]
[EventRounds "13"]
[EventCountry "POL"]
[Source "lmi"]
[SourceDate "2010.08.03"]

1. e4 e6 2. d4 d5 3. Nc3 Bb4 4. e5 c5 5. a3 Bxc3+ 6. bxc3 Qa5 7. Bd2 Qa4 8. Qb1
c4 9. Nh3 f6 10. Nf4 fxe5 11. dxe5 Nc6 12. Be2 Nge7 13. Bg4 Nd8 14. O-O Nec6
15. Re1 O-O 16. Bh3 Qa5 17. Qd1 Qc7 18. Nh5 Nf7 19. Qg4 Nfxe5 20. Qg3 Qf7 21.
Bh6 Ng6 22. Bxg7 Re8 23. f4 Bd7 24. Qg5 1-0

[Event "Campeonato del Mundo sub-20 2010"]
[Site "Chotowa POL"]
[Date "2010.08.07"]
[Round "5.19"]
[White "Yilmaz, Mustafa"]
[Black "Kanmazalp, Ogulcan"]
[Result "1-0"]
[WhiteElo "2479"]
[BlackElo "2381"]
[PlyCount "53"]
[EventDate "2010.08.03"]
[EventType "swiss"]
[EventRounds "13"]
[EventCountry "POL"]
[Source "lmi"]
[SourceDate "2010.08.03"]

1. c4 e6 2. Nf3 Nf6 3. Nc3 d5 4. e3 c6 5. Qc2 Bd6 6. b3 Nbd7 7. Bb2 O-O 8. Be2
Re8 9. Rg1 dxc4 10. bxc4 e5 11. g4 Nc5 12. g5 Nfd7 13. d4 exd4 14. Nxd4 Nf8 15.
O-O-O Qe7 16. h4 Na6 17. h5 Ba3 18. h6 g6 19. Bf3 Qb4 20. Ne4 Rxe4 21. Bxe4 Nc5
22. Bxa3 Qxa3+ 23. Kd2 Qb4+ 24. Ke2 Nxe4 25. Qxe4 Qxc4+ 26. Kf3 Qxa2 27. Qe7
1-0